[Event "EU Union-ch U08"]
[Site "Pec pod Snezkou"]
[Date "2022.08.28"]
[Round "7"]
[White "Cazacu, Iustin Nicolas"]
[Black "Prokhorov, Makar"]
[Result "1-0"]
[WhiteElo "1456"]
[BlackElo "1289"]
[PlyCount "55"]
[EventDate "2022.08.22"]
[EventType "swiss"]
[EventRounds "9"]
[EventCountry "CZE"]
[SourceTitle "EXT 2023"]
[Source "ChessBase"]
[SourceDate "2022.10.05"]
[SourceVersion "1"]
[SourceVersionDate "2022.10.05"]
[SourceQuality "1"]

1. d4 d5 2. c4 e6 3. Nc3 Nf6 4. cxd5 exd5 5. Bg5 Be7 6. e3 0-0 7. Bd3 c6 8. Nge2 Re8 9. 0-0 Nbd7 10. f3 h6 11. Bh4 c5 12. Bc2 c4 13. e4 Nb6 14. e5 Nh7 15. Bxe7 Qxe7 16. Nb5 Be6 17. f4 Bg4 18. Qd2 Bxe2 19. Qxe2 a6 20. Nc3 Nf6 21. Qf3 Nfd7 22. Nxd5 Nxd5 23. Qxd5 Nb6 24. Qe4 g6 25. f5 f6 26. fxg6 fxe5 27. Rf7 Qe6 28. Qxb7 1-0